[Event "BEL-chT 2324"]
[Site "Belgium"]
[Date "2024.01.28"]
[Round "6.8"]
[White "Mollica, Antonio"]
[Black "De Feijter, Bas"]
[Result "0-1"]
[WhiteElo "1486"]
[BlackElo "2207"]
[PlyCount "102"]
[EventDate "2023.09.24"]
[EventType "team-tourn"]
[EventRounds "11"]
[EventCountry "BEL"]
[SourceTitle "EXT 2025"]
[Source "ChessBase"]
[SourceDate "2024.10.14"]
[SourceVersion "1"]
[SourceVersionDate "2024.10.14"]
[SourceQuality "1"]
[WhiteTeam "Tal"]
[BlackTeam "Wetteren"]
[WhiteTeamCountry "BEL"]
[BlackTeamCountry "BEL"]

1. e4 c5 2. Nc3 e6 3. Nf3 a6 4. a3 Qc7 5. d3 Nc6 6. Be3 d6 7. h4 Nf6 8. Ng5 h6 9. Nh3 d5 10. Bd2 b5 11. exd5 exd5 12. Nf4 Qd6 13. Be2 Bb7 14. 0-0 Be7 15. Bf3 Nd4 16. Bg4 g5 17. Nh5 Nxg4 18. Qxg4 Qg6 19. Rae1 Ne6 20. Ng3 0-0-0 21. h5 Qh7 22. Re2 Bd6 23. Nf5 Bc7 24. Rfe1 Kb8 25. b4 Bc8 26. Ne7 Nd4 27. Nxc8 f5 28. Re7 fxg4 29. Rxh7 Rxh7 30. Ne7 Kb7 31. bxc5 Re8 32. Ncxd5 Bd8 33. c6+ Nxc6 34. Nf6 Rexe7 35. Nxh7 Rxh7 36. Re4 Re7 37. Rxg4 Re2 38. Be3 Re1+ 39. Kh2 Bc7+ 40. g3 Re2 41. Kg2 Rxc2 42. Re4 Ne5 43. a4 Nxd3 44. axb5 axb5 45. Re6 Rc6 46. Rxc6 Kxc6 47. Kf1 Bb6 48. Bxg5 hxg5 49. h6 Nxf2 50. h7 Bd4 51. Ke2 Kd5 0-1